| 000 | 00698nam a2200265Ia 4500 | ||
|---|---|---|---|
| 003 | OSt | ||
| 005 | 20220924130455.0 | ||
| 006 | a|||||r|||| 00| 0 | ||
| 007 | ta | ||
| 008 | 220923b |||||||| |||| 00| 0 urd d | ||
| 024 | _a330277 | ||
| 037 | _cTextual | ||
| 040 |
_aARTS _cARTS _burd |
||
| 041 |
_2urd _aurd |
||
| 082 | _aR4, 164J4.1 | ||
| 100 |
_aImami Syed Hasan Au. _9200117 |
||
| 245 | 0 | _aHuqooq-madani | |
| 260 |
_aTehran _bUniversity of Tehran Iran _c1954 |
||
| 300 |
_a483p. _ccm. |
||
| 650 | _a PERSIAN LANGUAGE | ||
| 650 | _a PHILOSOPHY | ||
| 650 | _aETHICS | ||
| 942 |
_hR4, 164J4.1 _cTEXL _2CC |
||
| 999 |
_c424753 _d424753 |
||